000 00630cam a22002293a 4500
001 20224
003 PGUSA
005 20140828083428.0
008 061230s2006||||xxu|||||s|||||000 | eng d
040 _aPGUSA
_beng
042 _adc
050 4 _aJX
100 1 _aSmoot, Dan,
_d1913-2003
245 1 4 _aThe Invisible Government
_h[electronic resource] /
_cDan Smoot
260 _bProject Gutenberg,
_c2006
506 _aPublic domain in the USA.
516 _aElectronic text
653 _aCouncil on Foreign Relations
830 0 _aProject Gutenberg
_v20224
856 4 0 _uhttp://www.gutenberg.org/ebooks/20224
942 _cEB
999 _c249479
_d249479